000 00547nam a2200229Ia 4500
003 OSt
005 20221006151835.0
006 a|||||r|||| 00| 0
007 ta
008 221006b |||||||| |||| 00| 0 eng d
020 _c209.00
024 _a23,592
037 _cTextual
040 _aEASL
_cEASL
_beng
041 _2eng
_aeng
100 _aOBORNE M
_9660116
245 0 _aChina's special economic zones
260 _aParis
_bOECD
_c1986
300 _a185p.
_ccm.
942 _cTEXL
_2CC
999 _c1091678
_d1091678